000 00477nam a2200181Ia 4500
001 20687
005 20260306172824.0
008 260306t2016||||xx |||||||||||||| ||spa||
041 _aESP
082 _a343.6
_bR738
100 _aRetamozo Linares, Alberto
_eAUT
245 0 _aEl procedimiento sancionador por responsabilidad administrativa funcional
260 _c2016
300 _a166 páginas :
_c23 cm.
650 _aGEN
654 _aCDE
942 _cLIB
_dJUS
_fJUS
_2ddc
_n
999 _c20687
_d20687